Production and operations management : concepts, models, and behavior (Record no. 70199)
[ view plain ]
| 000 -LEADER | |
|---|---|
| fixed length control field | 00544nam a22001817a 4500 |
| 003 - CONTROL NUMBER IDENTIFIER | |
| control field | NUST - PNEC |
| 005 - DATE AND TIME OF LATEST TRANSACTION | |
| control field | 20170116181135.0 |
| 008 - FIXED-LENGTH DATA ELEMENTS--GENERAL INFORMATION | |
| fixed length control field | 151007b xxu||||| |||| 00| 0 eng d |
| 020 ## - INTERNATIONAL STANDARD BOOK NUMBER | |
| International Standard Book Number | 8120308387 |
| 040 ## - CATALOGING SOURCE | |
| Transcribing agency | LIBRARY |
| 082 ## - DEWEY DECIMAL CLASSIFICATION NUMBER | |
| Classification number | 658.5 ADA |
| 100 ## - MAIN ENTRY--PERSONAL NAME | |
| 9 (RLIN) | 14253 |
| Personal name | Everett E.Adam |
| 245 ## - TITLE STATEMENT | |
| Title | Production and operations management : concepts, models, and behavior |
| Statement of responsibility, etc. | Everett E.Adam ; Ebert, Ronald J. |
| 250 ## - EDITION STATEMENT | |
| Edition statement | 5th ed. |
| 260 ## - PUBLICATION, DISTRIBUTION, ETC. | |
| Date of publication, distribution, etc. | c.1992 |
| 650 ## - SUBJECT ADDED ENTRY--TOPICAL TERM | |
| 9 (RLIN) | 14256 |
| Topical term or geographic name entry element | Production & Operations Management |
| General subdivision | MIS, ME, MS COMM |
| 942 ## - ADDED ENTRY ELEMENTS (KOHA) | |
| Source of classification or shelving scheme | |
| Koha item type | Book |
| Withdrawn status | Lost status | Source of classification or shelving scheme | Damaged status | Not for loan | Permanent Location | Current Location | Shelving location | Date acquired | Total Checkouts | Full call number | Barcode | Date last seen | Date last checked out | Price effective from | Koha item type |
|---|---|---|---|---|---|---|---|---|---|---|---|---|---|---|---|
| Pakistan Navy Engineering College (PNEC) | Pakistan Navy Engineering College (PNEC) | 1 | 658.5 ADA | PNECLIB-020648 | 09/23/2016 | 09/15/2016 | Book |
